Online
Catalog

La mercadotecnia : (Record no. 23124)

MARC details
000 -CABECERA
campo de control de longitud fija 01160nam a2200265 a 4500
001 - NÚMERO DE CONTROL
campo de control 000023628
005 - FECHA Y HORA DE LA ÚLTIMA TRANSACCIÓN
campo de control 20200930022348.0
008 - DATOS DE LONGITUD FIJA--INFORMACIÓN GENERAL
campo de control de longitud fija 101215s1968 mx r 001 0 spa d
040 ## - FUENTE DE LA CATALOGACIÓN
Centro catalogador/agencia de origen DO-SdBNP
Lengua de catalogación spa
Centro/agencia transcriptor BNPHU
041 17 - CÓDIGO DE LENGUA
Código de lengua del texto/banda sonora o título independiente spa
Código de lengua original eng
Fuente del código Código de idiomas MARC
082 ## - NÚMERO DE LA CLASIFICACIÓN DECIMAL DEWEY
Número de clasificación nnnn
Número de documento/Ítem Z22m
049 ## - FONDOS LOCALES (OCLC)
Fondos de biblioteca BNGR
100 1# - ENTRADA PRINCIPAL--NOMBRE DE PERSONA
Nombre de persona Zaltman, Gerald,
9 (RLIN) 48690
240 10 - TÍTULO UNIFORME
Título uniforme Marketing : contributions from the behavioral sciences.
Lenguaje de la obra Español.
245 13 - MENCIÓN DE TÍTULO
Título La mercadotecnia :
Resto del título contribuciones de las ciencias de la conducta /
Mención de responsabilidad, etc. Gerald Zaltman , traducción de Patricia S. de Jadresic ; prólogo de William F. Massy.
260 ## - PUBLICACIÓN, DISTRIBUCIÓN, ETC.
Lugar de publicación, distribución, etc. México :
Nombre del editor, distribuidor, etc. Herrero Hermanos Sucesores,
Fecha de publicación, distribución, etc. 1968.
300 ## - DESCRIPCIÓN FÍSICA
Extensión xiv, 181 p. ;
Dimensiones 23 cm.
490 1# - MENCIÓN DE SERIE
Mención de serie Harbrace de negocios y economía
500 ## - NOTA GENERAL
Nota general Incluye índice
504 ## - NOTA DE BIBLIOGRAFÍA, ETC.
Nota de bibliografía, etc. Incluye referencias bibliográficas y notas al pie de las páginas.
534 ## - NOTA SOBRE LA VERSIÓN ORIGINAL
Frase introductoria Título original en inglés:
Mención de título del original Marketing : contributions from the behavioral sciences.
Publicación, distribución, etc. del original New York : Harcourt, Brace & World, 1965.
700 1# - PUNTO DE ACCESO ADICIONAL--NOMBRE DE PERSONA
Nombre de persona Jadresic, Patricia S. de,
Término indicativo de función/relación tr.
9 (RLIN) 48691
700 1# - PUNTO DE ACCESO ADICIONAL--NOMBRE DE PERSONA
Nombre de persona Massy, William F.,
Término indicativo de función/relación pról.
9 (RLIN) 48692
830 #0 - PUNTO DE ACCESO ADICIONAL DE SERIE-TÍTULO UNIFORME
Título uniforme Harbrace de negocios y economía
9 (RLIN) 48693
Holdings
Estado de retiro Estado de pérdida Restricciones de uso No para préstamo Código de colección Localización permanente Ubicación/localización actual Ubicación en estantería Fecha de adquisición Número de inventario Total de préstamos Signatura topográfica completa Código de barras Fecha visto por última vez Precio válido a partir de Tipo de ítem Koha
    Préstamo interno   Monografías: Libros y Folletos General General En catalogación 15.12.2010 LF1   nnnn Z22m 23628-10 25.06.2020 25.06.2020 Préstamo interno

Powered by Koha